000 00683cam a2200229 4500
001 WB3704-31
008 000000n2001 000 0 eng u
035 _a(Sirsi) u110551
245 _aObjective One
260 _c2001
490 _aWestern Mail
_v 24 January 2001 LOAN
520 _aSurvey of the EU programme, Objective One, which will provide funding for deprived areas and boost their economy. Looks at Objective One in Wales.
590 _aWB
650 _aECONOMIC ASSISTANCE
650 _aOBJECTIVE ONE FUNDING
650 _aWALES
650 _aREGIONAL AID
650 _aDEPRIVED AREAS
650 _aSTRUCTURAL FUNDS
690 _aREGENERATION
942 _n0
999 _c65905
_d65905